000 00587nam a2200181Ia 4500
005 20250508162026.0
008 008 250505s9999 xx 000 0 eng d
037 _aTextual
040 _aFEDL
_beng
_cFEDL
041 _aeng
_2eng
084 _a362.4, VAL
_qFEDL
100 _aValvo Alberto
_9772087
245 0 _aSight restoration after long-term blindness : the problems and behavior patterns of visual rehabilitation
260 _aNew York, USA
_bAmerican Foundation for the Blind
_c1971
300 _a54p.
942 _cTEXL
_h362.4, VAL
999 _c1373909
_d1373909